000 00595nam a22001817a 4500
005 20231121141715.0
008 231121b |||||||| |||| 00| 0 eng d
020 _a9041106966
041 _aEnglish
082 _a342.8 HUM
100 _lEnglish
245 _aHuman Rights and the Administration of Justice: International Instruments /
_cedited by C Gane and M Mackarel
250 _aFirst Edition
260 _aNetherlands :
_bKluwer Law International,
_c1997
300 _bxli, 788 pages ;
_c25,5 cm.
650 _aLegal practice
_bLaw
942 _cBK
_6ALISON_BN_VRIES
999 _c850
_d850